Music therapy for handicapped children : multihandicapped orthopaedically handicapped other health impaired. Volume 3.
Збережено в:
| Інші автори: | , |
|---|---|
| Формат: | Книга |
| Мова: | Англійська |
| Опубліковано: |
St. Louis :
MMB Music inc.,
1985.
|
| Предмети: | |
| Теги: |
Немає тегів, Будьте першим, хто поставить тег для цього запису!
|
MARC
| LEADER | 00000cam a22000002a 4500 | ||
|---|---|---|---|
| 001 | 0000012074 | ||
| 003 | DAYSTAR | ||
| 005 | 20171002014737.0 | ||
| 008 | 030703s1985 xx 001 0 eng d | ||
| 020 | |a 091881278X | ||
| 040 | |a Daystar | ||
| 040 | |d Kmbae | ||
| 050 | 1 | |a ML3920 |b .M87 | |
| 245 | 0 | 0 | |a Music therapy for handicapped children : |b multihandicapped orthopaedically handicapped other health impaired. |n Volume 3. |
| 260 | |a St. Louis : |b MMB Music inc., |c 1985. | ||
| 300 | |a 176p. | ||
| 650 | 0 | |a Handicapped children. | |
| 650 | 0 | |a Music therapy. | |
| 700 | 1 | |a Eagle, Charles T. | |
| 700 | 1 | |a Lathom, Wanda B. | |
| 908 | |a 060412 | ||
| 942 | |c G | ||
| 952 | |0 0 |1 0 |4 0 |6 ML_3920_000000000000000_M87 |7 0 |9 6475 |a DUA |b DUA |c OS |d 2017-09-28 |l 0 |o OS ML3920.M87 |p BK022364 |r 2017-09-28 00:00:00 |w 2017-09-28 |x 54575 |y G | ||
| 999 | |c 4239 |d 4239 | ||